000 00631nam a22002057a 4500
005 20241202133838.0
008 231016b |||||||| |||| 00| 0 eng d
020 _a9788131246603
082 _a616.31
_bREG-O
100 _aRegezi, Joseph A.
245 _aOral pathology :
_bclinical-pathologic correlations /
_cJoseph A. Regezi , James J . Sciubba , Richard C.K. Jordan.
250 _a7th ed.
260 _aIndia :
_bElsevier ;
_c2017 .
300 _avii, 476 p. :
_bill ;
_c28 cm .
500 _aIndex Given.
650 _aDentistry/Medical
700 _aJames J . Sciubba
700 _aRichard C.K. Jordan.
999 _c33919
_d33919